| 000 | 00922cam a2200241 4500 | ||
|---|---|---|---|
| 001 | ##L133554 | ||
| 002 | ##9106 | ||
| 008 | 060518n2005 000 0 eng u | ||
| 020 | _a0415370434 | ||
| 035 | _a(Sirsi) u133554 | ||
| 041 | 0 | _aeng | |
| 050 | 0 | 4 | _a692.5 $2 18 |
| 100 | 1 | _aSpain, Bryan | |
| 245 | 0 | 0 | _aSpon's house improvement price book |
| 250 | _a3rd ed. | ||
| 260 |
_aAbingdon _bTaylor and Francis _c2005 |
||
| 300 |
_axxvii, 479p. _c23cm. |
||
| 350 | _a49 99 | ||
| 505 | 1 | _aHouse extensions -- Loft conversions -- Insulation work -- Damage repairs -- Kitchen -- Alterations -- Plant and tool hire. | |
| 520 | _aAimed at contractors and small businesses carrying out domestic construction works, this book contains accurate commercial and cost information on thousands of rates, each broken down to labour, material overheads and profits. | ||
| 590 | _aBUILT ENVIRONMENT-BUILDING COSTS | ||
| 942 | _n0 | ||
| 999 |
_c105420 _d105420 |
||